Historia de la estética.
Uloženo v:
| Hlavní autor: | |
|---|---|
| Další autoři: | |
| Médium: | Kniha |
| Jazyk: | španělština |
| Vydáno: |
Ciudad de México, México:
Fondo de Cultura Económica,
1965.
|
| Vydání: | Primera edición en español. |
| Edice: | Selección de obras de filosofía.
|
| Témata: | |
| Tagy: |
Přidat tag
Žádné tagy, Buďte první, kdo vytvoří štítek k tomuto záznamu!
|
MARC
| LEADER | 00000nam a2200000 a 4500 | ||
|---|---|---|---|
| 001 | UCU5454 | ||
| 003 | CL-VaPUC | ||
| 005 | 20250407202435.0 | ||
| 008 | 960604t19650000MX |||||||||||||||||spa|d | ||
| 999 | |c 447050 |d 447048 | ||
| 020 | |a 84-375-0356-6 | ||
| 040 | |c Pontificia Universidad Católica de Valparaíso | ||
| 082 | 0 | 4 | |a 111.85 BAY 1965 |2 21 |
| 100 | 0 | |a Bayer, Raymond |e autor |9 363473 | |
| 245 | 1 | 0 | |a Historia de la estética. |
| 250 | |a Primera edición en español. | ||
| 260 | |a Ciudad de México, México: |b Fondo de Cultura Económica, |c 1965. | ||
| 300 | |a 476 páginas. | ||
| 490 | |a Selección de obras de filosofía. | ||
| 500 | |a c.1. Instituto Arcos.08-01-2025. | ||
| 583 | |a last modification |c 20160830 05:43:20 |k Gabriela Rodríguez Cuevas | ||
| 650 | 0 | |a Estética |9 264950 |x Historia de la filosofía |z Siglo 16-19 | |
| 700 | |9 896118 |a Reuter, Jazmín |e traductora | ||
| 942 | |c BK |2 ddc |n 0 | ||
| 945 | |d 19960604 00:00:00 |a rbrito | ||
| 952 | |0 0 |1 0 |2 ddc |4 0 |6 111_850000000000000_BAY_1965 |7 0 |8 A |9 600477 |a BIBINC |b BIBINC |d 2025-03-03 |e Instituto Arcos |i 5665263 |o 111.85 BAY 1965 |p 5665263 |r 2025-03-03 |t 1 |w 2025-03-03 |y BK |k IFP | ||